000 01193nam a22002657a 4500
005 20170124103205.0
010 _aB-183893
020 _c125.00
_a8189464108
035 _aB-183893
037 _bCen Lib/Ret
040 _aDPL
_bHN
082 _a323.34
_bगोरारर
100 _aगोरार, रतनलाल
_993614
245 _aमहिलाओं के मौलिक अधिकार /
_cरतनलाल गोरार
246 _aMahilaon ke maulik adhikar /
_bby Ratanlal Gora
260 _aजयपुर
_bराधा गोविन्द पब्लिशर्स
_c2006
270 _a12, बन्धु नगर, परमहंस कॉलोनी, सीकर रोड
_bजयपुर
300 _avi,88पृ.
_c21सेमी(सजिल्द)
500 _aअनुक्रमणिका शामिल
650 _aमहिला और कानून
_91726
650 _aभारत में महिलाओं के अधिकार
_993615
650 _aWomen and the Law
_993616
650 _aWomen's rights in India
_993617
942 _2ddc
_cHN
_h323.34
_mगोरारर
999 _c120966
_d120966